Das Buch Wanderschaft. (Record no. 1303)

MARC details
000 -LEADER
fixed length control field 00582cam a22002051 4500
001 - CONTROL NUMBER
control field af 47001567
003 - CONTROL NUMBER IDENTIFIER
control field DLC
005 - DATE AND TIME OF LATEST TRANSACTION
control field 20260227110809.0
008 - FIXED-LENGTH DATA ELEMENTS--GENERAL INFORMATION
fixed length control field 830518s1942 gw 000 0 ger c
010 ## - LIBRARY OF CONGRESS CONTROL NUMBER
LC control number af 47001567
035 ## - SYSTEM CONTROL NUMBER
System control number (OCoLC)9520876
040 ## - CATALOGING SOURCE
Original cataloging agency Illinois. Univ. Library
Transcribing agency ICarbS
Modifying agency ICarbS
-- DLC
042 ## - AUTHENTICATION CODE
Authentication code premarc
050 00 - LIBRARY OF CONGRESS CALL NUMBER
Classification number PT2647.I665
Item number B8
100 1# - MAIN ENTRY--PERSONAL NAME
Personal name Winnig, August,
Dates associated with a name 1878-1956.
245 14 - TITLE STATEMENT
Title Das Buch Wanderschaft.
260 ## - PUBLICATION, DISTRIBUTION, ETC.
Place of publication, distribution, etc. Hamburg,
Name of publisher, distributor, etc. Hanseatische Verlagsanstalt
Date of publication, distribution, etc. [1942]
300 ## - PHYSICAL DESCRIPTION
Extent 329, [1] p.
Other physical details illus., plates.
Dimensions 19 cm.
500 ## - GENERAL NOTE
General note Autobiography.

No items available.

Powered by Koha